ARRUPE JESUIT UNIVERSITY

CORONAVIRUS -STOP THE SPREAD - CLEAN,DISINFECT,COVER

King Lear / (Record no. 127172)

MARC details
000 -LEADER
fixed length control field 01144cam a2200301 a 4500
001 - CONTROL NUMBER
control field 3506467
003 - CONTROL NUMBER IDENTIFIER
control field ARRUPE
005 - DATE AND TIME OF LATEST TRANSACTION
control field 20240709144745.0
008 - FIXED-LENGTH DATA ELEMENTS--GENERAL INFORMATION
fixed length control field 950619s1996 nyu b 001 0 eng
010 ## - LIBRARY OF CONGRESS CONTROL NUMBER
LC control number 95032156
020 ## - INTERNATIONAL STANDARD BOOK NUMBER
International Standard Book Number 0783800347 (alk. paper)
040 ## - CATALOGING SOURCE
Original cataloging agency DLC
Transcribing agency DLC
Modifying agency DLC
050 00 - LIBRARY OF CONGRESS CALL NUMBER
Classification number PR103-1
082 00 - DEWEY DECIMAL CLASSIFICATION NUMBER
Classification number 822.3/3
Edition number 20
300 ## - PHYSICAL DESCRIPTION
Dimensions 25 cm.
100 ## - MAIN ENTRY--PERSONAL NAME
Personal name Shakespeare, William
9 (RLIN) 15960
245 00 - TITLE STATEMENT
Title King Lear /
Statement of responsibility, etc William Shakespeare
260 ## - PUBLICATION, DISTRIBUTION, ETC. (IMPRINT)
Place of publication, distribution, etc New York :
Name of publisher, distributor, etc G.K. Hall ;
Place of publication, distribution, etc London :
Name of publisher, distributor, etc Prentice Hall International,
Date of publication, distribution, etc c1996.
300 ## - PHYSICAL DESCRIPTION
Extent xi, 236 p. ;
440 #0 - SERIES STATEMENT/ADDED ENTRY--TITLE
Title Critical essays on British literature
9 (RLIN) 37363
504 ## - BIBLIOGRAPHY, ETC. NOTE
Bibliography, etc Includes bibliographical references (p. 227-229) and index.
600 10 - SUBJECT ADDED ENTRY--PERSONAL NAME
Personal name Shakespeare, William,
Dates associated with a name 1564-1616.
Title of a work King Lear.
9 (RLIN) 37364
600 00 - SUBJECT ADDED ENTRY--PERSONAL NAME
Personal name Lear,
Titles and other words associated with a name King of England (Legendary character)
General subdivision In literature.
9 (RLIN) 37365
650 #0 - SUBJECT ADDED ENTRY--TOPICAL TERM
Topical term or geographic name as entry element Tragedy.
9 (RLIN) 37366
700 1# - ADDED ENTRY--PERSONAL NAME
Personal name Halio, Jay L.
9 (RLIN) 37367
906 ## - LOCAL DATA ELEMENT F, LDF (RLIN)
a 7
b cbc
c orignew
d 1
e ocip
f 19
g y-gencatlg
942 ## - ADDED ENTRY ELEMENTS (KOHA)
Source of classification or shelving scheme Library of Congress Classification
Koha item type Monograph ( Printed materials)
Holdings
Withdrawn status Lost status Source of classification or shelving scheme Damaged status Not for loan Collection code Home library Current library Shelving location Date acquired Total Checkouts Full call number Barcode Date last seen Price effective from Koha item type
    Library of Congress Classification     Main Collection ARRUPE COLLEGE BOOKSTORE ARRUPE COLLEGE BOOKSTORE Main Collection 06/11/2017   PR103-1 46500026213 06/11/2017 06/11/2017 Monograph ( Printed materials)
    Library of Congress Classification     Main Collection ARRUPE COLLEGE BOOKSTORE ARRUPE COLLEGE BOOKSTORE Main Collection 06/11/2017   PR103-2 46500026212 06/11/2017 06/11/2017 Monograph ( Printed materials)
    Library of Congress Classification     Main Collection ARRUPE COLLEGE BOOKSTORE ARRUPE COLLEGE BOOKSTORE Main Collection 06/11/2017   PR103-3 46500026217 06/11/2017 06/11/2017 Monograph ( Printed materials)
    Library of Congress Classification     Main Collection ARRUPE COLLEGE BOOKSTORE ARRUPE COLLEGE BOOKSTORE Main Collection 06/11/2017   PR103-6 46500026220 06/11/2017 06/11/2017 Monograph ( Printed materials)
    Library of Congress Classification     Main Collection ARRUPE COLLEGE BOOKSTORE ARRUPE COLLEGE BOOKSTORE Main Collection 06/11/2017   PR103-7 46500026219 06/11/2017 06/11/2017 Monograph ( Printed materials)

 

Arrupe Library. PO Box MP320 Mt Pleasant, Harare, Zimbabwe
263 242 745411|librarian@aju.ac.zw